Speak well, get connected / (Record no. 293496)
[ view plain ]
| 000 -LEADER | |
|---|---|
| fixed length control field | 00648nam a2200229Ia 4500 |
| 008 - FIXED-LENGTH DATA ELEMENTS--GENERAL INFORMATION | |
| fixed length control field | 160418s9999 xx 000 0 und d |
| 020 ## - INTERNATIONAL STANDARD BOOK NUMBER | |
| International Standard Book Number | 978-971-821-274-5 |
| 050 ## - LIBRARY OF CONGRESS CALL NUMBER | |
| Classification number | FIL P 95 |
| 050 ## - LIBRARY OF CONGRESS CALL NUMBER | |
| Item number | .C87 2012 |
| 100 ## - MAIN ENTRY--PERSONAL NAME | |
| Personal name | Custodio, Emelita S. |
| 245 ## - TITLE STATEMENT | |
| Title | Speak well, get connected / |
| 245 ## - TITLE STATEMENT | |
| Statement of responsibility, etc | Emelia S. Custodio, Maria Fatima C. Nolasco, Roger S. Ambida. |
| 260 ## - PUBLICATION, DISTRIBUTION, ETC. (IMPRINT) | |
| Place of publication, distribution, etc | Malabon City: |
| 260 ## - PUBLICATION, DISTRIBUTION, ETC. (IMPRINT) | |
| Name of publisher, distributor, etc | Mutya Pub. House, |
| 260 ## - PUBLICATION, DISTRIBUTION, ETC. (IMPRINT) | |
| Date of publication, distribution, etc | 2012 |
| 300 ## - PHYSICAL DESCRIPTION | |
| Extent | 237 pages : |
| 300 ## - PHYSICAL DESCRIPTION | |
| Other physical details | illustrations ; |
| 300 ## - PHYSICAL DESCRIPTION | |
| Dimensions | 25 cm. |
| 500 ## - GENERAL NOTE | |
| General note | Includes bibliographical references. |
| 650 ## - SUBJECT ADDED ENTRY--TOPICAL TERM | |
| Topical term or geographic name as entry element | Communication arts. |
| 650 ## - SUBJECT ADDED ENTRY--TOPICAL TERM | |
| General subdivision | Oral communication. |
| Withdrawn status | Lost status | Damaged status | Home library | Current library | Shelving location | Date acquired | Total Checkouts | Full call number | Barcode | Date last seen | Price effective from | Koha item type |
|---|---|---|---|---|---|---|---|---|---|---|---|---|
| South Mansfield College | South Mansfield College | Filipiniana Section | 06/18/2012 | FIL P 95 .C87 2012 | SMC05639 | 04/18/2016 | 04/18/2016 |